Statistics for Closest Capital to Capital - Europe #3

Click here to take the quiz!

General Stats

  • This quiz has been taken 10 times
  • The average score is 9 of 10

Answer Stats

HintAnswer% Correct
Andorra la VellaMadrid
100%
VaduzBern
89%
ParisBrussels
89%
TalinnHelsinki
89%
DublinLondon
89%
KyivMinsk
89%
San MarinoRome
89%
OsloStockholm
89%
PristinaSkopje
78%
BratislavaVienna
78%

Score Distribution

Percentile by Number Answered

Percent of People with Each Score

Your Score History

You have not taken this quiz